[Event "World Master"]
[Site "Torino ITA"]
[Date "1982.06.??"]
[Round "1"]
[White "Spassky, Boris V."]
[Black "Huebner, Robert"]
[WhiteElo "2625"]
[BlackElo "2620"]
[Result "0-1"]
[PlyCount "74"]
[EventDate "1982.06.02"]

1. d4 Nf6 2. c4 e6 3. Nc3 Bb4 4. a3 Bxc3+ 5. bxc3 c5 6. f3 Nc6 7. e4 d6 8. Ne2
b6 9. Ng3 Na5 10. f4 O-O 11. e5 Ne8 12. Be3 Ba6 13. Bd3 Bxc4 14. O-O f5 15.
exf6 Nxf6 16. Qe2 Bxd3 17. Qxd3 Qd7 18. Rae1 Rae8 19. Bc1 Nc6 20. f5 exf5 21.
Nxf5 Rxe1 22. Rxe1 cxd4 23. cxd4 d5 24. Qh3 Kh8 25. Rf1 Ne4 26. Rf3 Rf6 27. g4
Ne7 28. Nh4 Qa4 29. Rxf6 Qxd4+ 30. Be3 Qxf6 31. g5 Nxg5 32. Qd7 Ne4 33. Kg2 Nc5
34. Qc7 Ne6 35. Qb8+ Ng8 36. Nf3 Qg6+ 37. Kh3 Qe4 0-1

[Event "World Master"]
[Site "Torino ITA"]
[Date "1982.06.??"]
[Round "2"]
[White "Huebner, Robert"]
[Black "Kavalek, Lubomir"]
[WhiteElo "2620"]
[BlackElo "2590"]
[Result "1/2-1/2"]
[PlyCount "46"]
[EventDate "1982.06.02"]

1. e4 c5 2. Nf3 d6 3. d4 cxd4 4. Nxd4 Nf6 5. Nc3 e6 6. g4 h6 7. g5 hxg5 8. Bxg5
Nc6 9. Qd2 Qb6 10. Nb3 a6 11. O-O-O Bd7 12. h4 Ne5 13. Be2 Rc8 14. f4 Rxc3 15.
Bxf6 Rc7 16. Bxe5 dxe5 17. fxe5 Bb4 18. Qg5 Rh7 19. h5 Qf2 20. Qg4 Qe3+ 21. Kb1
Be7 22. Rhg1 Bc6 23. Bd3 Qh6 1/2-1/2

[Event "World Master"]
[Site "Torino ITA"]
[Date "1982.06.??"]
[Round "2"]
[White "Ljubojevic, Ljubomir"]
[Black "Karpov, Anatoly"]
[WhiteElo "2600"]
[BlackElo "2720"]
[Result "1-0"]
[PlyCount "89"]
[EventDate "1982.06.02"]

1. e4 e5 2. Nf3 Nc6 3. Bb5 a6 4. Ba4 Nf6 5. O-O Be7 6. Re1 b5 7. Bb3 O-O 8. c3
d6 9. h3 Bb7 10. d4 Nd7 11. Nbd2 Bf6 12. Nf1 Re8 13. Ng3 g6 14. Bh6 Na5 15. Bc2
c5 16. d5 Nc4 17. Qc1 Bg7 18. a4 Ncb6 19. a5 Nc8 20. c4 Bxh6 21. Qxh6 Qf6 22.
Ne2 Ne7 23. Nc3 b4 24. Ba4 Bc8 25. Bc6 Nxc6 26. dxc6 bxc3 27. cxd7 Bxd7 28.
bxc3 Qe7 29. Red1 Red8 30. Rab1 Ba4 31. Rd2 Rab8 32. Rdb2 Rxb2 33. Rxb2 f6 34.
Rb6 Qc7 35. Nh2 Bc6 36. Ng4 Rf8 37. f3 f5 38. exf5 Rxf5 39. Qd2 Kg7 40. Rxa6 e4
41. fxe4 Rf7 42. e5 Qc8 43. Qh6+ Kg8 44. e6 Rg7 45. Rb6 1-0

[Event "World Master"]
[Site "Torino ITA"]
[Date "1982.06.??"]
[Round "4"]
[White "Karpov, Anatoly"]
[Black "Spassky, Boris V."]
[WhiteElo "2720"]
[BlackElo "2625"]
[Result "1/2-1/2"]
[PlyCount "48"]
[EventDate "1982.06.02"]

1. e4 c5 2. Nf3 d6 3. d4 cxd4 4. Nxd4 Nf6 5. Nc3 e6 6. g4 h6 7. Rg1 Nc6 8. Be3
g5 9. Qd2 Ne5 10. Be2 Ng6 11. O-O-O a6 12. a3 Bd7 13. Kb1 Qc7 14. Nb3 Be7 15.
h4 Nxh4 16. f4 gxf4 17. Bxf4 Bc6 18. Bxd6 Bxd6 19. Qxd6 Qxd6 20. Rxd6 Ke7 21.
Rd4 Ng6 22. Na5 Ne5 23. g5 hxg5 24. Rxg5 Nfd7 1/2-1/2

[Event "World Master"]
[Site "Torino ITA"]
[Date "1982.06.??"]
[Round "4"]
[White "Ljubojevic, Ljubomir"]
[Black "Kavalek, Lubomir"]
[WhiteElo "2600"]
[BlackElo "2590"]
[Result "1/2-1/2"]
[PlyCount "55"]
[EventDate "1982.06.02"]

1. e4 e5 2. Nf3 Nc6 3. Bb5 a6 4. Ba4 Nf6 5. O-O Be7 6. Re1 d6 7. c3 Bg4 8. h3
Bh5 9. d3 Nd7 10. Nbd2 Nc5 11. Bxc6+ bxc6 12. Nf1 Ne6 13. Ng3 Bxf3 14. Qxf3 g6
15. Qd1 c5 16. Ne2 Bg5 17. d4 Bxc1 18. Rxc1 O-O 19. d5 Ng5 20. Ng3 f6 21. b4
Qd7 22. bxc5 dxc5 23. Rb1 Nf7 24. Qf3 Nd6 25. Qe3 c4 26. Qc5 Rfb8 27. a4 Qd8
28. Nf1 1/2-1/2

[Event "World Master"]
[Site "Torino ITA"]
[Date "1982.06.??"]
[Round "5"]
[White "Kavalek, Lubomir"]
[Black "Karpov, Anatoly"]
[WhiteElo "2590"]
[BlackElo "2720"]
[Result "1/2-1/2"]
[PlyCount "44"]
[EventDate "1982.06.02"]

1. e4 e5 2. Nf3 Nf6 3. Nxe5 d6 4. Nf3 Nxe4 5. d4 d5 6. Bd3 Be7 7. O-O Nc6 8.
Re1 Bf5 9. a3 O-O 10. c4 Bf6 11. Nc3 Nxc3 12. bxc3 Bxd3 13. Qxd3 dxc4 14. Qxc4
Na5 15. Qa4 b6 16. Bf4 Qd5 17. Bxc7 Rac8 18. Be5 Rxc3 19. Bxf6 gxf6 20. Rac1
Rxc1 21. Rxc1 Rd8 22. h3 Qb3 1/2-1/2

[Event "World Master"]
[Site "Torino ITA"]
[Date "1982.06.??"]
[Round "5"]
[White "Portisch, Lajos"]
[Black "Ljubojevic, Ljubomir"]
[WhiteElo "2630"]
[BlackElo "2600"]
[Result "1-0"]
[PlyCount "81"]
[EventDate "1982.06.02"]

1. d4 d5 2. c4 e6 3. Nc3 c6 4. Qb3 Nd7 5. Nf3 Ngf6 6. Bg5 Qa5 7. Bd2 Qb6 8. e3
Qxb3 9. axb3 a6 10. Bd3 Bd6 11. e4 dxe4 12. Nxe4 Nxe4 13. Bxe4 e5 14. Bc3 exd4
15. Nxd4 Nf6 16. Bf3 O-O 17. O-O Ng4 18. g3 Ne5 19. Bg2 Re8 20. h3 Bd7 21. Rfd1
Bc5 22. b4 Bf8 23. Nb3 Bf5 24. Na5 Bc2 25. Rd2 Bg6 26. c5 Rab8 27. Rad1 f6 28.
Bxe5 Rxe5 29. Rd7 Be4 30. R1d4 Bxg2 31. Kxg2 Re7 32. Rxe7 Bxe7 33. Rd7 Kf8 34.
Nxb7 Ke8 35. Rc7 Bf8 36. Kf3 h5 37. Ke4 g6 38. Kd3 Be7 39. Kc4 f5 40. b3 h4 41.
Na5 1-0

[Event "World Master"]
[Site "Torino ITA"]
[Date "1982.06.??"]
[Round "6"]
[White "Ljubojevic, Ljubomir"]
[Black "Huebner, Robert"]
[WhiteElo "2600"]
[BlackElo "2620"]
[Result "1/2-1/2"]
[PlyCount "113"]
[EventDate "1982.06.02"]

1. e4 e6 2. d4 d5 3. Nd2 c5 4. Ngf3 Nc6 5. exd5 exd5 6. Bb5 cxd4 7. Nxd4 Bd7 8.
N2f3 Bd6 9. O-O Nge7 10. Bg5 O-O 11. Re1 Re8 12. c3 a6 13. Bf1 Qc7 14. g3 Ng6
15. Qb3 h6 16. Bd2 Rxe1 17. Rxe1 Nge7 18. c4 dxc4 19. Bxc4 Rf8 20. Nxc6 Nxc6
21. Qd3 Bg4 22. Bc3 Bxf3 23. Qxf3 Ne5 24. Bxe5 Bxe5 25. b3 b5 26. Bd5 Bd4 27.
Kg2 Qd8 28. Rc1 Qd7 29. b4 Rd8 30. Bb3 Bf6 31. Rc6 Qa7 32. h4 Rd7 33. Rc8+ Rd8
34. Rc6 Rd7 35. Rc8+ Rd8 36. Qc6 Rxc8 37. Qxc8+ Kh7 38. Qf5+ Kg8 39. Qc8+ Kh7
40. Qf5+ Kg8 41. h5 Qb7+ 42. Bd5 Qc7 43. Qe4 Qe5 44. Qf3 Qd6 45. a3 Kf8 46. Bb3
g6 47. hxg6 fxg6 48. Qb7 Be7 49. Bd5 h5 50. Qc8+ Bd8 51. Bb7 h4 52. gxh4 Kg7
53. Qg4 Kh6 54. Be4 Qf6 55. Kh3 Bb6 56. f4 Be3 57. Qg5+ 1/2-1/2

[Event "World Master"]
[Site "Torino ITA"]
[Date "1982.06.??"]
[Round "6"]
[White "Spassky, Boris V."]
[Black "Kavalek, Lubomir"]
[WhiteElo "2625"]
[BlackElo "2590"]
[Result "1/2-1/2"]
[PlyCount "25"]
[EventDate "1982.06.02"]

1. e4 e5 2. Nf3 Nf6 3. Nc3 Nc6 4. Bb5 Bb4 5. d3 O-O 6. O-O Bxc3 7. bxc3 d6 8.
Re1 Ne7 9. d4 c6 10. Bf1 Ng6 11. dxe5 dxe5 12. Qxd8 Rxd8 13. a4 1/2-1/2

[Event "World Master"]
[Site "Torino ITA"]
[Date "1982.06.??"]
[Round "9"]
[White "Kavalek, Lubomir"]
[Black "Huebner, Robert"]
[WhiteElo "2590"]
[BlackElo "2620"]
[Result "1/2-1/2"]
[PlyCount "45"]
[EventDate "1982.06.02"]

1. e4 c6 2. d4 d5 3. exd5 cxd5 4. c4 Nf6 5. Nc3 e6 6. Nf3 Be7 7. cxd5 Nxd5 8.
Bd3 Nc6 9. O-O O-O 10. Re1 Bf6 11. Be4 Nce7 12. Qd3 g6 13. Ne5 b6 14. Nxd5 Nxd5
15. Bh6 Bg7 16. Nc6 Qd6 17. Bxd5 exd5 18. Ne7+ Kh8 19. Qe3 Be6 20. Bxg7+ Kxg7
21. Qe5+ Qxe5 22. dxe5 d4 23. Nc6 1/2-1/2

[Event "World Master"]
[Site "Torino ITA"]
[Date "1982.06.??"]
[Round "9"]
[White "Karpov, Anatoly"]
[Black "Ljubojevic, Ljubomir"]
[WhiteElo "2720"]
[BlackElo "2600"]
[Result "1-0"]
[PlyCount "55"]
[EventDate "1982.06.02"]

1. e4 c5 2. Nf3 d6 3. d4 Nf6 4. Nc3 cxd4 5. Nxd4 a6 6. Be2 e6 7. f4 Qc7 8. O-O
b5 9. Bf3 Bb7 10. e5 dxe5 11. fxe5 Nfd7 12. Bf4 b4 13. Ne4 Nxe5 14. Kh1 Be7 15.
Ng5 Bxg5 16. Bxb7 Qxb7 17. Bxe5 O-O 18. Qg4 Qe7 19. Qg3 Rc8 20. Bd6 Qd7 21.
Rad1 f6 22. Bxb8 Raxb8 23. h4 Bxh4 24. Qxh4 Rc4 25. Qg3 Rbc8 26. Nf5 Qa7 27.
Nd6 R4c5 28. Qh3 1-0

[Event "World Master"]
[Site "Torino ITA"]
[Date "1982.06.??"]
[Round "11"]
[White "Kavalek, Lubomir"]
[Black "Ljubojevic, Ljubomir"]
[WhiteElo "2590"]
[BlackElo "2600"]
[Result "1/2-1/2"]
[PlyCount "82"]
[EventDate "1982.06.02"]

1. d4 d5 2. c4 e6 3. Nf3 Nf6 4. g3 dxc4 5. Qa4+ Nbd7 6. Bg2 a6 7. Qxc4 b5 8.
Qc6 Rb8 9. Bf4 Nd5 10. Bg5 Be7 11. Bxe7 Qxe7 12. O-O Bb7 13. Qc2 c5 14. dxc5
Qxc5 15. Qxc5 Nxc5 16. Rc1 Rc8 17. Ne1 Ke7 18. Nd2 Ba8 19. Ne4 Nxe4 20. Bxe4 a5
21. Bd3 Bc6 22. Nc2 b4 23. a3 Bd7 24. axb4 Nxb4 25. Nxb4 axb4 26. f4 h6 27. h4
Rxc1+ 28. Rxc1 Rc8 29. Ra1 Kd6 30. Kf2 f6 31. Ke3 e5 32. Ra6+ Rc6 33. fxe5+
fxe5 34. Ra1 Rc5 35. Be4 Be6 36. Ra6+ Ke7 37. Rb6 b3 38. Rb7+ Kf6 39. Rb6 Ke7
40. Rb7+ Kf6 41. Rb6 Ke7 1/2-1/2

[Event "World Master"]
[Site "Torino ITA"]
[Date "1982.06.??"]
[Round "11"]
[White "Spassky, Boris V."]
[Black "Karpov, Anatoly"]
[WhiteElo "2625"]
[BlackElo "2720"]
[Result "1/2-1/2"]
[PlyCount "47"]
[EventDate "1982.06.02"]

1. e4 e5 2. Nf3 Nf6 3. Nxe5 d6 4. Nf3 Nxe4 5. Qe2 Qe7 6. d3 Nf6 7. Bg5 Qxe2+ 8.
Bxe2 Be7 9. Nc3 c6 10. O-O Na6 11. Rfe1 Nc7 12. Bf1 Ne6 13. Be3 O-O 14. d4 Re8
15. d5 Nxd5 16. Nxd5 cxd5 17. Bb5 Rd8 18. Red1 Bf6 19. c3 Nc7 20. Be2 Re8 21.
Nd4 Bd7 22. Bf3 Bxd4 23. Bxd4 Bc6 24. Be3 1/2-1/2

[Event "World Master"]
[Site "Torino ITA"]
[Date "1982.06.??"]
[Round "12"]
[White "Karpov, Anatoly"]
[Black "Kavalek, Lubomir"]
[WhiteElo "2720"]
[BlackElo "2590"]
[Result "1/2-1/2"]
[PlyCount "110"]
[EventDate "1982.06.02"]

1. e4 c6 2. d4 d5 3. Nd2 dxe4 4. Nxe4 Nd7 5. Bc4 Ngf6 6. Ng5 e6 7. Qe2 Nb6 8.
Bb3 h6 9. N5f3 a5 10. a3 a4 11. Ba2 c5 12. Be3 Nbd5 13. c3 Qc7 14. Ne5 Bd6 15.
Ngf3 O-O 16. Bd2 cxd4 17. cxd4 b6 18. Bc4 Ne7 19. Bd3 Bb7 20. Rc1 Qb8 21. O-O
Bd5 22. Bb5 Rc8 23. Rxc8+ Qxc8 24. Nc4 Bc7 25. Rc1 Bb7 26. Ne3 Be4 27. Ne5 Qb8
28. Bb4 Nf5 29. Nxf5 exf5 30. Kh1 Bd6 31. Bc6 Bxc6 32. Nxc6 Qf8 33. Qb5 Bxb4
34. axb4 Qd6 35. Qxf5 Re8 36. h3 Qd5 37. Qxd5 Nxd5 38. Rc2 Re1+ 39. Kh2 Rd1 40.
b5 f6 41. h4 h5 42. g3 Rd3 43. Rc4 Rd2 44. Kg1 Rxb2 45. Rxa4 Rxb5 46. Ra7 g5
47. Rd7 Kf8 48. hxg5 fxg5 49. Ne5 h4 50. Kh2 hxg3+ 51. Kxg3 Ke8 52. Rd6 Ke7 53.
Rg6 Nf4 54. Rxg5 Ne2+ 55. Kh4 Nxd4 1/2-1/2

[Event "World Master"]
[Site "Torino ITA"]
[Date "1982.06.??"]
[Round "12"]
[White "Ljubojevic, Ljubomir"]
[Black "Portisch, Lajos"]
[WhiteElo "2600"]
[BlackElo "2630"]
[Result "1/2-1/2"]
[PlyCount "254"]
[EventDate "1982.06.02"]

1. e4 c5 2. Nf3 d6 3. d4 cxd4 4. Nxd4 Nf6 5. Nc3 a6 6. Bg5 e6 7. f4 Be7 8. Qf3
Qc7 9. O-O-O Nbd7 10. g4 b5 11. Bxf6 Nxf6 12. g5 Nd7 13. h4 b4 14. Nce2 Bb7 15.
Kb1 Nc5 16. Ng3 O-O-O 17. Bg2 Kb8 18. Qe3 Rc8 19. Qd2 Qb6 20. f5 Rhe8 21. Rhe1
Bf8 22. Nh5 e5 23. Nb3 a5 24. Nxc5 dxc5 25. Qd7 Re7 26. Qd6+ Qxd6 27. Rxd6 Rec7
28. Rd2 c4 29. Bh3 Re8 30. c3 Ka7 31. Red1 bxc3 32. bxc3 Rb8 33. Ka1 Bc6 34.
Bf1 Rcb7 35. Bxc4 Ba3 36. Nxg7 a4 37. Re1 Bb2+ 38. Rxb2 Rxb2 39. f6 Rf2 40. Nf5
Bxe4 41. Nd6 Bg6 42. Nxf7 Rfb2 43. a3 Bxf7 44. Bxf7 Rc2 45. h5 Rxc3 46. g6 hxg6
47. hxg6 Rxa3+ 48. Ba2 Rf3 49. g7 Rxf6 50. g8=Q Rxg8 51. Bxg8 Rf5 52. Bh7 Rh5
53. Bc2 Kb6 54. Kb2 Kc5 55. Re4 Kd6 56. Rxa4 Rh3 57. Be4 Rh2+ 58. Kc3 Ke7 59.
Kd3 Rf2 60. Ra7+ Kd6 61. Ra6+ Ke7 62. Kc4 Rf6 63. Ra7+ Kd6 64. Rh7 Ke6 65. Rb7
Kd6 66. Ra7 Re6 67. Ra1 Rf6 68. Rh1 Re6 69. Rd1+ Ke7 70. Ra1 Kd6 71. Kb5 Rf6
72. Rd1+ Ke7 73. Kc5 Ra6 74. Rh1 Ra5+ 75. Kb4 Ra2 76. Rh6 Ra1 77. Bd5 Kd7 78.
Kb5 Rc1 79. Ra6 Ke7 80. Bc4 Re1 81. Kc5 e4 82. Kd4 e3 83. Ke5 Kd7 84. Ke4 Kc7
85. Bd3 Kb7 86. Rh6 Kc7 87. Kf3 Kd7 88. Be2 Ke7 89. Kxe3 Ra1 90. Kd4 Re1 91.
Bg4 Kf7 92. Kd5 Ke7 93. Bf5 Ra1 94. Be4 Ra5+ 95. Kd4 Ra1 96. Ke5 Re1 97. Rh7+
Ke8 98. Kd5 Kf8 99. Ra7 Re3 100. Bf5 Re7 101. Ra1 Re2 102. Be6 Ke7 103. Ra7+
Kf6 104. Rf7+ Kg5 105. Kd6 Re1 106. Rf3 Ra1 107. Bc4 Re1 108. Kd5 Rd1+ 109. Ke4
Re1+ 110. Kd4 Rd1+ 111. Bd3 Ra1 112. Be4 Ra4+ 113. Ke5 Ra5+ 114. Bd5 Kg4 115.
Rf2 Kg5 116. Rb2 Kg4 117. Rg2+ Kh5 118. Rg1 Rb5 119. Ke4 Kh6 120. Be6 Ra5 121.
Bg4 Kg7 122. Kf4 Ra3 123. Bf5+ Kf8 124. Kg5 Ke7 125. Rd1 Ra7 126. Rd5 Rc7 127.
Bh3 Ra7 1/2-1/2

[Event "World Master"]
[Site "Torino ITA"]
[Date "1982.06.??"]
[Round "13"]
[White "Kavalek, Lubomir"]
[Black "Spassky, Boris V."]
[WhiteElo "2590"]
[BlackElo "2625"]
[Result "1/2-1/2"]
[PlyCount "113"]
[EventDate "1982.06.02"]

1. e4 e5 2. Nf3 Nc6 3. Bb5 a6 4. Ba4 Nf6 5. O-O Be7 6. Re1 b5 7. Bb3 d6 8. c3
O-O 9. h3 Nb8 10. d4 Nbd7 11. Nbd2 Bb7 12. Bc2 Re8 13. Nf1 Bf8 14. Ng3 g6 15.
a4 c5 16. d5 c4 17. Bg5 h6 18. Be3 Nc5 19. Qd2 h5 20. Bg5 Be7 21. Ra3 Rb8 22.
Qe3 Nh7 23. Bxe7 Qxe7 24. Rea1 Bc8 25. axb5 axb5 26. Nd2 Rb7 27. Ra5 h4 28.
Ngf1 f5 29. exf5 gxf5 30. f4 Nf6 31. fxe5 Nxd5 32. Qh6 Qxe5 33. Nf3 Qf4 34.
Qg6+ Kf8 35. Ra7 Re2 36. Ra8 Ne7 37. Qf6+ Kg8 38. Rxc8+ Nxc8 39. Ra8 Re8 40.
Bxf5 Rf7 41. Qg6+ Kf8 42. Rxc8 Rxc8 43. Bxc8 Nd3 44. Bg4 Nxb2 45. Bh5 Na4 46.
Qxf7+ Qxf7 47. Bxf7 Kxf7 48. Kf2 Nxc3 49. Ke3 Ke6 50. Kd2 b4 51. Nxh4 Nb5 52.
Ne3 d5 53. Nf3 b3 54. Nd1 d4 55. Nxd4+ Nxd4 56. Kc3 Ne2+ 57. Kxc4 1/2-1/2

[Event "World Master"]
[Site "Torino ITA"]
[Date "1982.06.??"]
[Round "14"]
[White "Spassky, Boris V."]
[Black "Portisch, Lajos"]
[WhiteElo "2625"]
[BlackElo "2630"]
[Result "1/2-1/2"]
[PlyCount "40"]
[EventDate "1982.06.02"]

1. d4 d5 2. c4 dxc4 3. Nf3 Nf6 4. e3 e6 5. Bxc4 c5 6. O-O a6 7. dxc5 Qxd1 8.
Rxd1 Bxc5 9. b3 b5 10. Be2 Bb7 11. Bb2 Nbd7 12. Nbd2 O-O 13. a4 bxa4 14. Rxa4
Nb6 15. Raa1 a5 16. Nc4 Nxc4 17. Bxc4 Bxf3 18. gxf3 Bb4 19. f4 Rfd8 20. Kg2 Ne4
1/2-1/2